[Event "18. Open de Sants Hostafrancs 2016 - B"]
[Site "Barcelona ESP"]
[Date "2016.08.21"]
[Round "3.4"]
[White "Juciute, Einora"]
[Black "Vigo Allepuz, David"]
[Result "0-1"]
[WhiteElo "1885"]
[BlackElo "2019"]
[PlyCount "94"]
[EventDate "2016.08.19"]
[EventType "swiss"]
[EventRounds "10"]
[EventCountry "ESP"]
[SourceTitle "Ajedrez en Madrid"]
[Source "lmi"]
[SourceDate "2016.08.19"]

1. e4 e6 2. Nf3 d5 3. Nc3 Nf6 4. e5 Nfd7 5. d4 c5 6. dxc5 Bxc5 7. Bf4 Nc6 8.
Qd2 a6 9. Bd3 b5 10. a4 b4 11. Nd1 f6 12. Qe2 O-O 13. O-O fxe5 14. Nxe5 Rxf4
15. Nxc6 Qf6 16. g3 Rf3 17. Kg2 Rxd3 18. cxd3 a5 19. d4 Ba6 20. Qe3 Bxf1+ 21.
Kxf1 Ra6 22. Nb8 Nxb8 23. dxc5 Rc6 24. Rc1 Qh6 25. Qxh6 gxh6 26. f4 Nd7 27. Nf2
Rxc5 28. Re1 Kf7 29. Nd3 Rc2 30. Re2 Rxe2 31. Kxe2 h5 32. h3 Kf6 33. Ke3 e5 34.
fxe5+ Nxe5 35. Kd4 Nxd3 36. Kxd3 Ke5 37. Ke3 d4+ 38. Kd3 b3 39. Kd2 Ke4 40. Ke2
h6 41. h4 d3+ 42. Kd2 Kd4 43. Ke1 Ke3 44. Kd1 d2 45. g4 hxg4 46. h5 Kf2 47.
Kxd2 g3 0-1

[Event "18. Open de Sants Hostafrancs 2016 - B"]
[Site "Barcelona ESP"]
[Date "2016.08.21"]
[Round "3.5"]
[White "Lopez Baena, David"]
[Black "Garcia Valero, Mario"]
[Result "1-0"]
[WhiteElo "2019"]
[BlackElo "1892"]
[PlyCount "55"]
[EventDate "2016.08.19"]
[EventType "swiss"]
[EventRounds "10"]
[EventCountry "ESP"]
[SourceTitle "Ajedrez en Madrid"]
[Source "lmi"]
[SourceDate "2016.08.19"]

1. d4 Nf6 2. Nf3 g6 3. Nc3 Bg7 4. e4 d6 5. Be3 O-O 6. Qd2 c5 7. dxc5 Ng4 8.
cxd6 Nxe3 9. Qxe3 Qxd6 10. Bc4 Nc6 11. Rd1 Qb4 12. Bb3 Bg4 13. O-O Ne5 14. Nd5
Qd6 15. Nxe5 Bxe5 16. f4 Bxb2 17. e5 Qa3 18. Rb1 Rfd8 19. c4 Bf5 20. Nxe7+ Qxe7
21. Rxb2 Rd3 22. Qf2 Rad8 23. Re1 R8d4 24. h3 Qd7 25. Rbe2 Bxh3 26. gxh3 Rxh3
27. e6 fxe6 28. Rxe6 1-0

[Event "18. Open de Sants Hostafrancs 2016 - B"]
[Site "Barcelona ESP"]
[Date "2016.08.21"]
[Round "3.6"]
[White "Gonzalez Lafita, Oscar"]
[Black "Romero Castejon, Daniel"]
[Result "0-1"]
[WhiteElo "1879"]
[BlackElo "1993"]
[PlyCount "98"]
[EventDate "2016.08.19"]
[EventType "swiss"]
[EventRounds "10"]
[EventCountry "ESP"]
[SourceTitle "Ajedrez en Madrid"]
[Source "lmi"]
[SourceDate "2016.08.19"]

1. d4 d5 2. Nf3 c6 3. c4 Nf6 4. Nc3 e6 5. g3 dxc4 6. Ne5 Bb4 7. Bg2 Nd5 8. Bd2
Nb6 9. Ne4 Bxd2+ 10. Qxd2 O-O 11. Rc1 N8d7 12. Nxc4 Nxc4 13. Rxc4 e5 14. O-O
Nb6 15. Rb4 a5 16. Rb3 Be6 17. Rd3 Bc4 18. Ra3 Qxd4 19. Qxd4 exd4 20. Rd1 Rfd8
21. Bf3 Bb5 22. Nc5 Nc4 23. Nxb7 Rdb8 24. Rb3 Rxb7 25. Rxb5 Rxb5 26. Bxc6 Rbb8
27. Bxa8 Rxa8 28. b3 Na3 29. Rxd4 Nb5 30. Rc4 Kf8 31. f4 Nd6 32. Rc7 a4 33. Rd7
Nb5 34. b4 a3 35. Rd3 Ke7 36. Kf2 Ra4 37. Rb3 f5 38. Ke3 Kd6 39. Kd3 Kd5 40. g4
g6 41. gxf5 gxf5 42. e3 Ra7 43. Rb1 Rg7 44. Rc1 Rc7 45. Rg1 Rc3+ 46. Kd2 Ke4
47. Rg7 Rd3+ 48. Kc2 Rxe3 49. Rxh7 Nd4+ 0-1

[Event "18. Open de Sants Hostafrancs 2016 - B"]
[Site "Barcelona ESP"]
[Date "2016.08.21"]
[Round "3.7"]
[White "Baeza Labat, Josep"]
[Black "Povill Batlle, Ramon"]
[Result "1/2-1/2"]
[WhiteElo "1992"]
[BlackElo "1886"]
[PlyCount "49"]
[EventDate "2016.08.19"]
[EventType "swiss"]
[EventRounds "10"]
[EventCountry "ESP"]
[SourceTitle "Ajedrez en Madrid"]
[Source "lmi"]
[SourceDate "2016.08.19"]

1. e4 e5 2. f4 d5 3. Nf3 dxe4 4. Nxe5 Nd7 5. d4 exd3 6. Nxd3 Ngf6 7. Qf3 Be7 8.
Be2 O-O 9. O-O Nc5 10. h3 Bf5 11. Nc3 Nxd3 12. Bxd3 Bxd3 13. cxd3 c6 14. Ne4
Qd4+ 15. Qe3 Rad8 16. Qxd4 Rxd4 17. Be3 Rxd3 18. Nxf6+ Bxf6 19. Bxa7 Bxb2 20.
Rab1 Ra8 21. Rfe1 h6 22. Rxb2 Rxa7 23. Re8+ Kh7 24. Re7 Kg6 25. Rbxb7 1/2-1/2

[Event "18. Open de Sants Hostafrancs 2016 - B"]
[Site "Barcelona ESP"]
[Date "2016.08.21"]
[Round "3.8"]
[White "Magallanes, Gustavo"]
[Black "Delgadillo Torrico, Felipe"]
[Result "1-0"]
[WhiteElo "1980"]
[BlackElo "1884"]
[PlyCount "33"]
[EventDate "2016.08.19"]
[EventType "swiss"]
[EventRounds "10"]
[EventCountry "ESP"]
[SourceTitle "Ajedrez en Madrid"]
[Source "lmi"]
[SourceDate "2016.08.19"]

1. e4 e6 2. d4 d5 3. Nc3 dxe4 4. Nxe4 Bd7 5. Bd3 Bc6 6. Nf3 Nd7 7. O-O Ngf6 8.
Ng3 Bd6 9. Re1 Bxg3 10. hxg3 Bxf3 11. Qxf3 c6 12. c3 Qa5 13. g4 h6 14. Bf4 Qd5
15. Qe2 Kf8 16. b4 g5 17. Bc4 1-0

[Event "18. Open de Sants Hostafrancs 2016 - B"]
[Site "Barcelona ESP"]
[Date "2016.08.21"]
[Round "3.9"]
[White "Martos Martin, Josep Angel"]
[Black "Tarrago Domingo, Miguel"]
[Result "1/2-1/2"]
[WhiteElo "1877"]
[BlackElo "1977"]
[PlyCount "44"]
[EventDate "2016.08.19"]
[EventType "swiss"]
[EventRounds "10"]
[EventCountry "ESP"]
[SourceTitle "Ajedrez en Madrid"]
[Source "lmi"]
[SourceDate "2016.08.19"]

1. e4 c6 2. d4 d5 3. e5 c5 4. dxc5 e6 5. Be3 Nc6 6. Nf3 Qc7 7. Bb5 Bd7 8. Bxc6
Bxc6 9. Qd2 Ne7 10. c3 Ng6 11. Bd4 a5 12. b4 Be7 13. O-O O-O 14. Re1 Qd7 15.
Qb2 Rfb8 16. Nbd2 a4 17. a3 Bb5 18. Qc2 Rc8 19. g3 Qc6 20. Rac1 Bf8 21. Re3 Be7
22. h4 h6 1/2-1/2

[Event "18. Open de Sants Hostafrancs 2016 - B"]
[Site "Barcelona ESP"]
[Date "2016.08.21"]
[Round "3.10"]
[White "Mut Company, Guillem"]
[Black "Flores Mendoza, Jose Antonio"]
[Result "1-0"]
[WhiteElo "1976"]
[BlackElo "1881"]
[PlyCount "55"]
[EventDate "2016.08.19"]
[EventType "swiss"]
[EventRounds "10"]
[EventCountry "ESP"]
[SourceTitle "Ajedrez en Madrid"]
[Source "lmi"]
[SourceDate "2016.08.19"]

1. d4 d5 2. c4 c6 3. Nc3 e6 4. Nf3 f5 5. Bf4 Nf6 6. e3 Bb4 7. Bd3 Qa5 8. Qc2
dxc4 9. Bxc4 Ne4 10. Rc1 Bd6 11. O-O Bxf4 12. exf4 Nf6 13. Rfe1 O-O 14. Bxe6+
Bxe6 15. Rxe6 Nbd7 16. Qb3 Kh8 17. Rce1 Nb6 18. Re7 Rab8 19. R1e5 Nfd5 20. Ng5
Qa6 21. Nf7+ Kg8 22. Nxd5 cxd5 23. Rxd5 Qc4 24. Qxc4 Nxc4 25. Rdd7 Rfc8 26. Ng5
Nd6 27. Rxg7+ Kf8 28. Ne6+ 1-0

[Event "18. Open de Sants Hostafrancs 2016 - B"]
[Site "Barcelona ESP"]
[Date "2016.08.22"]
[Round "4.1"]
[White "Romero Castejon, Daniel"]
[Black "Megias Chafer, Alejandro"]
[Result "1-0"]
[WhiteElo "1993"]
[BlackElo "2087"]
[PlyCount "93"]
[EventDate "2016.08.19"]
[EventType "swiss"]
[EventRounds "10"]
[EventCountry "ESP"]
[SourceTitle "Ajedrez en Madrid"]
[Source "lmi"]
[SourceDate "2016.08.19"]

1. e4 c5 2. Nf3 d6 3. d4 cxd4 4. Qxd4 Nc6 5. Bb5 Bd7 6. Qd3 Nf6 7. c4 g6 8. Nc3
Bg7 9. O-O O-O 10. h3 Rc8 11. Be3 a6 12. Bxc6 Bxc6 13. Nd4 Nd7 14. Rac1 Re8 15.
Rfd1 Qa5 16. Qb1 Qh5 17. b4 Ne5 18. Qb3 Bd7 19. Nd5 g5 20. Nb6 g4 21. hxg4 Bxg4
22. f3 Rcd8 23. fxg4 Nxg4 24. Nf3 Nxe3 25. Qxe3 Bh6 26. Qc3 Bxc1 27. Qxc1 e6
28. Kf2 Qg6 29. Qf4 e5 30. Qh4 f6 31. Nd5 Kf7 32. Rh1 Rh8 33. Nd2 Rdg8 34. Qh3
Qg4 35. Qf3 Qxf3+ 36. gxf3 h5 37. Nf1 Rc8 38. Nfe3 b5 39. Nf5 Ke6 40. cxb5 axb5
41. Rxh5 Rc2+ 42. Ke3 Ra8 43. Kd3 Raxa2 44. Nc3 Rd2+ 45. Ke3 Rdc2 46. Nxa2 Rxa2
47. Rh7 1-0

[Event "18. Open de Sants Hostafrancs 2016 - B"]
[Site "Barcelona ESP"]
[Date "2016.08.22"]
[Round "4.2"]
[White "Magallanes, Gustavo"]
[Black "Jove Grau, Lluis"]
[Result "1/2-1/2"]
[WhiteElo "1980"]
[BlackElo "2063"]
[PlyCount "149"]
[EventDate "2016.08.19"]
[EventType "swiss"]
[EventRounds "10"]
[EventCountry "ESP"]
[SourceTitle "Ajedrez en Madrid"]
[Source "lmi"]
[SourceDate "2016.08.19"]

1. e4 c5 2. Nf3 Nc6 3. c3 e6 4. d4 d5 5. e5 f6 6. Bd3 g6 7. exf6 Nxf6 8. Bg5
cxd4 9. cxd4 Bg7 10. Nc3 O-O 11. O-O Qb6 12. Na4 Qb4 13. a3 Qd6 14. Nc3 a6 15.
Re1 Ng4 16. h3 Rxf3 17. hxg4 Rf7 18. Be3 b5 19. Be2 Bb7 20. Rc1 Rd8 21. Qd2 Na5
22. Rcd1 Nc4 23. Qc1 Nxe3 24. Qxe3 e5 25. dxe5 Bxe5 26. Bf3 Bh2+ 27. Kh1 d4 28.
Qe6 Bxf3 29. gxf3 Qxe6 30. Rxe6 Bc7 31. Ne4 Rxf3 32. Kg2 Rb3 33. Rxa6 Be5 34.
Re6 Bg7 35. Rd2 d3 36. Nc5 Rxb2 37. Rxd3 Rxd3 38. Nxd3 Rb3 39. Rd6 Bf8 40. Rd8
Rxa3 41. Ne5 Kg7 42. Rb8 b4 43. g5 Ra7 44. Nd3 Be7 45. f4 Rd7 46. Nxb4 Bd6 47.
Rb5 Bxf4 48. Kf3 Bd2 49. Nc6 Bc1 50. Ne5 Ra7 51. Ng4 Ra3+ 52. Kg2 Ra7 53. Kf3
Rf7+ 54. Kg2 Kf8 55. Kg3 Bf4+ 56. Kh4 Ke7 57. Rb7+ Ke6 58. Rxf7 Kxf7 59. Nh6+
Ke6 60. Kg4 Be5 61. Kh4 Bg7 62. Ng4 Kf5 63. Ne3+ Kf4 64. Nd5+ Ke5 65. Ne3 Ke4
66. Ng2 Kf3 67. Ne1+ Ke2 68. Ng2 Be5 69. Kg4 Bd6 70. Nh4 Kf2 71. Nf3 Ke3 72.
Nh4 Bb4 73. Nf3 Ke4 74. Nh4 Bc5 75. Nf3 1/2-1/2

[Event "18. Open de Sants Hostafrancs 2016 - B"]
[Site "Barcelona ESP"]
[Date "2016.08.22"]
[Round "4.3"]
[White "Vigo Allepuz, David"]
[Black "Mut Company, Guillem"]
[Result "1-0"]
[WhiteElo "2019"]
[BlackElo "1976"]
[PlyCount "119"]
[EventDate "2016.08.19"]
[EventType "swiss"]
[EventRounds "10"]
[EventCountry "ESP"]
[SourceTitle "Ajedrez en Madrid"]
[Source "lmi"]
[SourceDate "2016.08.19"]

1. d4 d5 2. Nf3 c6 3. g3 Nf6 4. Bg2 Bg4 5. O-O Nbd7 6. b3 e6 7. c4 Bd6 8. Bb2
O-O 9. Nbd2 Qc7 10. Rc1 Rfe8 11. Re1 Rac8 12. a3 Qb8 13. h3 Bh5 14. Nh4 b5 15.
c5 Bc7 16. Ndf3 e5 17. g4 Bg6 18. Nxg6 hxg6 19. dxe5 Nxe5 20. Nd4 Ned7 21. b4
Bh2+ 22. Kf1 Ne4 23. Nf3 Ndf6 24. g5 Nh5 25. e3 Re7 26. Bd4 Rce8 27. Qc2 Bc7
28. Kg1 Qc8 29. a4 a6 30. axb5 axb5 31. Ra1 Qf5 32. Bb2 Nxf2 33. Qxf5 gxf5 34.
Kxf2 Bg3+ 35. Kf1 Bxe1 36. Rxe1 Rxe3 37. Rxe3 Rxe3 38. Nd4 f4 39. Bf3 Ng3+ 40.
Kf2 Rd3 41. Ke1 Ne4 42. Bg2 Rd2 43. Bxe4 Rxb2 44. Bd3 Rxb4 45. Nxc6 Rb3 46. Kd2
Kf8 47. Nd4 Rb2+ 48. Kc3 Rh2 49. Bf5 Ke7 50. Bg4 Rg2 51. Nxb5 Rg3+ 52. Kd4 Rb3
53. Nc3 Kd8 54. Bf3 Rb2 55. Nxd5 Rd2+ 56. Ke5 Rf2 57. Bg4 f3 58. c6 Re2+ 59.
Kd6 Re6+ 60. Bxe6 1-0

[Event "18. Open de Sants Hostafrancs 2016 - B"]
[Site "Barcelona ESP"]
[Date "2016.08.22"]
[Round "4.4"]
[White "Mamah, Isabelle"]
[Black "Lopez Baena, David"]
[Result "1/2-1/2"]
[WhiteElo "1893"]
[BlackElo "2019"]
[PlyCount "57"]
[EventDate "2016.08.19"]
[EventType "swiss"]
[EventRounds "10"]
[EventCountry "ESP"]
[SourceTitle "Ajedrez en Madrid"]
[Source "lmi"]
[SourceDate "2016.08.19"]

1. e4 g6 2. d4 Bg7 3. Nc3 d6 4. Be3 a6 5. h3 Nd7 6. f4 b5 7. a3 e6 8. Nf3 Ne7
9. Bd3 Bb7 10. Ne2 c5 11. c3 c4 12. Bc2 Nf6 13. Ng3 d5 14. e5 Ne4 15. Nxe4 dxe4
16. Ng5 Nf5 17. Qd2 Ng3 18. Kf2 Nxh1+ 19. Rxh1 O-O 20. Bxe4 Bxe4 21. Nxe4 f6
22. Rf1 fxe5 23. dxe5 Qxd2+ 24. Bxd2 Bxe5 25. Ke2 Bg7 26. g4 Rad8 27. Be3 Rfe8
28. Nc5 Rd6 29. Ne4 1/2-1/2

[Event "18. Open de Sants Hostafrancs 2016 - B"]
[Site "Barcelona ESP"]
[Date "2016.08.22"]
[Round "4.5"]
[White "Perez Garcia, Jose Miguel"]
[Black "Tolibayev, Timur"]
[Result "1-0"]
[WhiteElo "1931"]
[BlackElo "2096"]
[PlyCount "109"]
[EventDate "2016.08.19"]
[EventType "swiss"]
[EventRounds "10"]
[EventCountry "ESP"]
[SourceTitle "Ajedrez en Madrid"]
[Source "lmi"]
[SourceDate "2016.08.19"]

1. Nf3 d5 2. d4 Nf6 3. g3 e6 4. Bg2 Be7 5. O-O O-O 6. b3 b6 7. Bb2 Bb7 8. Nbd2
Nbd7 9. c4 dxc4 10. Nxc4 c5 11. e3 Rc8 12. Rc1 b5 13. Nce5 Nxe5 14. Nxe5 Bxg2
15. Kxg2 Qd5+ 16. Qf3 c4 17. Kg1 Qxf3 18. Nxf3 Ne4 19. bxc4 bxc4 20. Rc2 c3 21.
Ba1 Rb8 22. Ne5 Rfc8 23. Rd1 Bb4 24. Nd3 a5 25. Nf4 Nd6 26. a3 Bxa3 27. Rxc3
Bb4 28. Rcc1 Rxc1 29. Rxc1 Rc8 30. Rxc8+ Nxc8 31. Nd3 Kf8 32. Kf1 Ke7 33. Ke2
Kd6 34. Ne5 f6 35. Nc4+ Kc6 36. Kd3 Kb5 37. e4 Nd6 38. Nb2 a4 39. Nd1 a3 40.
Ne3 Ka4 41. e5 fxe5 42. dxe5 Nb7 43. Nc2 Bc5 44. f4 Bg1 45. Nd4 Nc5+ 46. Kc4
Bxd4 47. Bxd4 Nb3 48. Bc3 g6 49. g4 a2 50. f5 gxf5 51. gxf5 Na5+ 52. Kc5 exf5
53. e6 Nb7+ 54. Kd5 Kb3 55. Bd4 1-0

[Event "18. Open de Sants Hostafrancs 2016 - B"]
[Site "Barcelona ESP"]
[Date "2016.08.22"]
[Round "4.6"]
[White "Fernandez Aguilar, Francisco"]
[Black "Casset Bello, Elena"]
[Result "1-0"]
[WhiteElo "2051"]
[BlackElo "1926"]
[PlyCount "161"]
[EventDate "2016.08.19"]
[EventType "swiss"]
[EventRounds "10"]
[EventCountry "ESP"]
[SourceTitle "Ajedrez en Madrid"]
[Source "lmi"]
[SourceDate "2016.08.19"]

1. e4 e5 2. Nf3 Nc6 3. Bb5 a6 4. Ba4 Nf6 5. d3 b5 6. Bb3 Be7 7. Nc3 d6 8. a3
O-O 9. O-O Bg4 10. Be3 Nd4 11. Bxd4 exd4 12. Nd5 Nxd5 13. Bxd5 Rb8 14. a4 b4
15. h3 Bxf3 16. Qxf3 a5 17. g3 Qd7 18. Qg4 Qxg4 19. hxg4 Rbc8 20. Kg2 c6 21.
Bb3 g6 22. f4 Kg7 23. Rh1 Rh8 24. Rae1 h5 25. gxh5 Rxh5 26. Rxh5 gxh5 27. Rh1
Rh8 28. g4 h4 29. Kf3 Rf8 30. Bc4 Rh8 31. Ba6 Rf8 32. Bb7 c5 33. Bd5 Rh8 34.
Rh3 Bd8 35. Ke2 Be7 36. Kd1 Rh6 37. Ke2 Rh8 38. Kf3 Bd8 39. Bc6 Be7 40. Bd7 Rd8
41. Bc6 Rh8 42. Bd7 Rd8 43. Bb5 Rh8 44. b3 Bd8 45. Bd7 Be7 46. Bf5 f6 47. Kg2
Bd8 48. Rh1 Kf7 49. Kh3 Kg7 50. Rg1 Kf7 51. Rg2 Kg7 52. Re2 Bc7 53. Re1 Kf7 54.
Kg2 Kg7 55. Kf2 Kf7 56. Kf3 Kg7 57. Rf1 Bd8 58. Rh1 Kf7 59. e5 dxe5 60. fxe5
fxe5 61. Ke4 Kf6 62. Rh3 Be7 63. Kd5 Rd8+ 64. Kc6 Kg5 65. Kb5 Ra8 66. Rf3 Rh8
67. Kxa5 h3 68. Rf1 h2 69. Rh1 Kf4 70. Kb6 Rh6+ 71. Kb5 Bd8 72. Kxc5 Kg3 73.
Kd5 Bc7 74. Kc5 Kg2 75. Be4+ Kg3 76. g5 Rh4 77. g6 Bd8 78. Kxb4 Kf2 79. Rxh2+
Rxh2 80. g7 Be7+ 81. Kb5 1-0

[Event "18. Open de Sants Hostafrancs 2016 - B"]
[Site "Barcelona ESP"]
[Date "2016.08.22"]
[Round "4.7"]
[White "Lupo, Francesco"]
[Black "Mas Recorda, Pere"]
[Result "1/2-1/2"]
[WhiteElo "1897"]
[BlackElo "2027"]
[PlyCount "62"]
[EventDate "2016.08.19"]
[EventType "swiss"]
[EventRounds "10"]
[EventCountry "ESP"]
[SourceTitle "Ajedrez en Madrid"]
[Source "lmi"]
[SourceDate "2016.08.19"]

1. Nf3 d5 2. d4 e6 3. g3 c6 4. Bg2 f5 5. e3 Bd6 6. b3 Qe7 7. Bb2 Nf6 8. O-O O-O
9. Nbd2 Nbd7 10. c4 b6 11. Re1 Ne4 12. a3 Bb7 13. Ne5 Bxe5 14. dxe5 Ndc5 15.
cxd5 cxd5 16. Nf3 Ba6 17. Bf1 Bxf1 18. Rxf1 Rfc8 19. b4 Nb7 20. Rc1 Qd7 21. Qd3
a5 22. Nd4 axb4 23. Rxc8+ Rxc8 24. axb4 Rc4 25. Ra1 Rxb4 26. Ra8+ Kf7 27. Ba3
Nbc5 28. Qd1 Rc4 29. Qh5+ Ke7 30. Qh4+ Kf7 31. Qh5+ Ke7 1/2-1/2

[Event "18. Open de Sants Hostafrancs 2016 - B"]
[Site "Barcelona ESP"]
[Date "2016.08.22"]
[Round "4.8"]
[White "Farre Selma, David"]
[Black "Baeza Labat, Josep"]
[Result "0-1"]
[WhiteElo "1857"]
[BlackElo "1992"]
[PlyCount "90"]
[EventDate "2016.08.19"]
[EventType "swiss"]
[EventRounds "10"]
[EventCountry "ESP"]
[SourceTitle "Ajedrez en Madrid"]
[Source "lmi"]
[SourceDate "2016.08.19"]

1. e4 e5 2. Nf3 Nc6 3. Bc4 Nf6 4. Ng5 d5 5. exd5 b5 6. Bxb5 Qxd5 7. Qe2 Qxg2 8.
Qxe5+ Be7 9. Bxc6+ Qxc6 10. Rg1 O-O 11. Nc3 Bd6 12. Qd4 Re8+ 13. Kf1 Bxh2 14.
Rg2 Be5 15. Qh4 h6 16. Nge4 Nxe4 17. Nxe4 Bb7 18. d3 f5 19. f4 Bd4 20. c3 fxe4
21. cxd4 e3 22. Qg3 Qxg2+ 23. Qxg2 Bxg2+ 24. Kxg2 Rad8 25. Kf3 Rxd4 26. Bxe3
Rxd3 27. Re1 Kf7 28. Kf2 Rdxe3 29. Rxe3 Rxe3 30. Kxe3 Ke6 31. Ke4 g6 32. Ke3
Kf5 33. Kf3 h5 34. b4 c6 35. a3 h4 36. a4 a6 37. a5 h3 38. Kg3 h2 39. Kxh2 Kxf4
40. Kh3 g5 41. Kg2 Kg4 42. Kf2 Kh3 43. Ke3 g4 44. Kd4 g3 45. Kc5 g2 0-1

[Event "18. Open de Sants Hostafrancs 2016 - B"]
[Site "Barcelona ESP"]
[Date "2016.08.22"]
[Round "4.9"]
[White "Tarrago Domingo, Miguel"]
[Black "Gonzalez Saguillo, Oriol"]
[Result "1/2-1/2"]
[WhiteElo "1977"]
[BlackElo "1860"]
[PlyCount "106"]
[EventDate "2016.08.19"]
[EventType "swiss"]
[EventRounds "10"]
[EventCountry "ESP"]
[SourceTitle "Ajedrez en Madrid"]
[Source "lmi"]
[SourceDate "2016.08.19"]

1. Nf3 Nf6 2. c4 e6 3. g3 d5 4. cxd5 exd5 5. d4 c6 6. Bg2 Be7 7. O-O O-O 8. Nc3
h6 9. Re1 Bf5 10. a3 Nbd7 11. Nd2 Qb6 12. e3 Rfe8 13. Qb3 Qxb3 14. Nxb3 a5 15.
Nd2 Bf8 16. Nf3 a4 17. Bd2 Bd6 18. Nh4 Bh7 19. Bf1 Nb6 20. Na2 Ne4 21. Red1 g5
22. Ng2 Bc7 23. Bd3 Bg6 24. Bb4 Nc4 25. Bxc4 dxc4 26. Rac1 Bh5 27. Re1 b5 28.
Rf1 Bf3 29. Nc3 Ba5 30. Nxe4 Rxe4 31. Bxa5 Rxa5 32. Rc2 Ra8 33. Ne1 Bd1 34. Rd2
Bb3 35. Nc2 Rd8 36. Na1 Ba2 37. Rfd1 Rd5 38. Kf1 Kf8 39. Ke2 g4 40. Rh1 h5 41.
Nc2 Bb3 42. Nb4 Rd6 43. h3 Kg7 44. hxg4 hxg4 45. Rh5 Ree6 46. d5 cxd5 47. Nxd5
Rh6 48. Rg5+ Rdg6 49. Rxg6+ Kxg6 50. Nc3 Kg7 51. Nxb5 c3 52. Nxc3 Bc4+ 53. Kd1
Bb3+ 1/2-1/2

[Event "18. Open de Sants Hostafrancs 2016 - B"]
[Site "Barcelona ESP"]
[Date "2016.08.22"]
[Round "4.10"]
[White "Rodriguez Font, Roger"]
[Black "Martos Martin, Josep Angel"]
[Result "1-0"]
[WhiteElo "1963"]
[BlackElo "1877"]
[PlyCount "75"]
[EventDate "2016.08.19"]
[EventType "swiss"]
[EventRounds "10"]
[EventCountry "ESP"]
[SourceTitle "Ajedrez en Madrid"]
[Source "lmi"]
[SourceDate "2016.08.19"]

1. e4 d5 2. exd5 Nf6 3. Bb5+ Bd7 4. Bc4 Bg4 5. f3 Bf5 6. Nc3 Nbd7 7. Nge2 Nb6
8. Bb5+ Bd7 9. Bxd7+ Qxd7 10. d4 Nbxd5 11. Nxd5 Qxd5 12. Bf4 Qa5+ 13. c3 Nd5
14. Bd2 Qb6 15. c4 Nf6 16. Qa4+ Qc6 17. Qxc6+ bxc6 18. O-O-O e6 19. Nf4 O-O-O
20. Be3 Be7 21. Nd3 Nd7 22. Rd2 Bf6 23. b3 h5 24. Kc2 Nb6 25. Nf2 Kb7 26. Ne4
Be7 27. Rhd1 Rhe8 28. h3 Bb4 29. Rd3 Be7 30. a4 Nd7 31. d5 cxd5 32. cxd5 Ne5
33. R3d2 exd5 34. Rxd5 Rxd5 35. Rxd5 Bd6 36. Rxd6 cxd6 37. Nxd6+ Kc6 38. Nxe8
1-0

[Event "18. Open de Sants Hostafrancs 2016 - B"]
[Site "Barcelona ESP"]
[Date "2016.08.23"]
[Round "5.1"]
[White "Romero Castejon, Daniel"]
[Black "Vigo Allepuz, David"]
[Result "0-1"]
[WhiteElo "1993"]
[BlackElo "2019"]
[PlyCount "74"]
[EventDate "2016.08.19"]
[EventType "swiss"]
[EventRounds "10"]
[EventCountry "ESP"]
[SourceTitle "Ajedrez en Madrid"]
[Source "lmi"]
[SourceDate "2016.08.19"]

1. e4 e6 2. d4 d5 3. exd5 exd5 4. c4 Nf6 5. Nc3 Be7 6. Bd3 Nc6 7. Nge2 O-O 8.
O-O Nb4 9. cxd5 Nxd3 10. Qxd3 Nxd5 11. Nxd5 Qxd5 12. Nc3 Qf5 13. Qxf5 Bxf5 14.
Bf4 Rfd8 15. Bxc7 Rxd4 16. Rfd1 Rc4 17. Nd5 Bf8 18. Ne3 Rxc7 19. Nxf5 g6 20.
Ne3 Rac8 21. Kf1 Kg7 22. Rd3 b5 23. Rad1 b4 24. Rd7 h5 25. b3 Rxd7 26. Rxd7
Rc1+ 27. Rd1 Rxd1+ 28. Nxd1 Kf6 29. Ke2 g5 30. Kd3 Ke5 31. Ne3 Bc5 32. f3 Bxe3
33. Kxe3 f5 34. g3 f4+ 35. gxf4+ gxf4+ 36. Kd3 Kd5 37. h3 h4 0-1

[Event "18. Open de Sants Hostafrancs 2016 - B"]
[Site "Barcelona ESP"]
[Date "2016.08.23"]
[Round "5.2"]
[White "Jove Grau, Lluis"]
[Black "Rodriguez Font, Roger"]
[Result "1-0"]
[WhiteElo "2063"]
[BlackElo "1963"]
[PlyCount "75"]
[EventDate "2016.08.19"]
[EventType "swiss"]
[EventRounds "10"]
[EventCountry "ESP"]
[SourceTitle "Ajedrez en Madrid"]
[Source "lmi"]
[SourceDate "2016.08.19"]

1. e4 e6 2. d4 d5 3. Nc3 dxe4 4. Nxe4 Bd7 5. Nf3 Bc6 6. Ng3 Nd7 7. Bd3 Ngf6 8.
O-O Be7 9. Re1 O-O 10. c3 Re8 11. Bf4 Bxf3 12. Qxf3 c6 13. Rad1 Nf8 14. c4 Ng6
15. Bxg6 hxg6 16. h4 Qa5 17. a3 Rad8 18. b4 Qa6 19. Qb3 Rd7 20. Be5 Red8 21. c5
Rd5 22. a4 b6 23. Rc1 bxc5 24. bxc5 Nd7 25. h5 Nxe5 26. Rxe5 Rxe5 27. dxe5 gxh5
28. Rd1 Rxd1+ 29. Qxd1 Qc8 30. Ne4 Qf8 31. Nd6 g6 32. Qf3 Bxd6 33. exd6 Qh6 34.
Qd1 Qg5 35. d7 Qd8 36. Qd6 Kg7 37. Qxc6 Kf6 38. Qd6 1-0

[Event "18. Open de Sants Hostafrancs 2016 - B"]
[Site "Barcelona ESP"]
[Date "2016.08.23"]
[Round "5.3"]
[White "Calderon Alzate, Ivan Alejandr"]
[Black "Fernandez Aguilar, Francisco"]
[Result "1/2-1/2"]
[WhiteElo "1953"]
[BlackElo "2051"]
[PlyCount "92"]
[EventDate "2016.08.19"]
[EventType "swiss"]
[EventRounds "10"]
[EventCountry "ESP"]
[SourceTitle "Ajedrez en Madrid"]
[Source "lmi"]
[SourceDate "2016.08.19"]

1. d4 d5 2. c4 c6 3. Nf3 Nf6 4. Nc3 dxc4 5. a4 Bf5 6. e3 e6 7. Bxc4 Bb4 8. O-O
O-O 9. Bd2 Nbd7 10. Ne2 Qa5 11. Bxb4 Qxb4 12. Qb3 Qxb3 13. Bxb3 Bg4 14. Rac1 a5
15. Rfe1 Bxf3 16. gxf3 Rfd8 17. f4 Nb6 18. Nc3 Nbd5 19. Bxd5 Nxd5 20. Nxd5 Rxd5
21. Re2 Kf8 22. Rec2 Ke7 23. Kf1 Ra6 24. b3 Rb6 25. Rc3 Rb4 26. Rb1 b5 27. axb5
Rdxb5 28. Rxc6 a4 29. Rc3 axb3 30. Ke2 Rh5 31. Rcxb3 Rxb3 32. Rxb3 Rxh2 33. Rb5
g6 34. Kf3 Rh1 35. d5 exd5 36. Rxd5 Ke6 37. Rb5 Rd1 38. f5+ gxf5 39. Kf4 Rf1
40. f3 f6 41. Rb7 h5 42. Rh7 Rh1 43. Kg3 Re1 44. Kf2 Rh1 45. Kg2 Re1 46. Kf2
Rh1 1/2-1/2